[Event "2LA 15/16 Unichess C - Karlovarský ?achklub Tietz"]
[Site "Praha"]
[Date "2016.02.07"]
[Round "7.2"]
[White "Vichnar, David"]
[Black "Kovar, Vojtech"]
[Result "0-1"]
[BlackElo "2360"]
[WhiteElo "2360"]
[WhiteTeam "Vysehrad B"]
[BlackTeam "Unichess C"]
[LiveChessVersion "1.4.6"]

1. d4 {[%clk 1:30:56]} Nf6 {[%clk 0:38:24]} 2. c4 {[%clk 1:31:02]} e6
{[%clk 0:32:44]} 3. g3 {[%clk 1:29:55]} Bb4+ {[%clk 0:33:08]} 4. Bd2
{[%clk 1:29:53]} c5 {[%clk 0:33:36]} 5. Bxb4 {[%clk 1:29:03]} cxb4
{[%clk 0:34:05]} 6. Bg2 {[%clk 1:28:51]} O-O {[%clk 0:34:32]} 7. e4
{[%clk 1:27:10]} d6 {[%clk 0:34:56]} 8. Ne2 {[%clk 1:26:50]} e5 {[%clk 0:35:22]}
9. O-O {[%clk 1:26:25]} Bg4 {[%clk 0:34:29]} 10. f3 {[%clk 1:18:31]} Be6
{[%clk 0:33:30]} 11. b3 {[%clk 1:16:44]} Bd7 {[%clk 0:18:23]} 12. a3
{[%clk 1:07:46]} Nc6 {[%clk 0:18:46]} 13. d5 {[%clk 1:00:19]} Qb6+
{[%clk 0:15:43]} 14. Kh1 {[%clk 1:00:15]} Ne7 {[%clk 0:16:10]} 15. axb4
{[%clk 0:56:44]} Qxb4 {[%clk 0:16:37]} 16. Nc1 {[%clk 0:56:26]} a5
{[%clk 0:14:57]} 17. Nd3 {[%clk 0:53:14]} Qb6 {[%clk 0:15:26]} 18. Nc3
{[%clk 0:53:10]} Qd4 {[%clk 0:15:36]} 19. Ne2 {[%clk 0:50:43]} Qe3
{[%clk 0:13:22]} 20. Re1 {[%clk 0:38:36]} Ng6 {[%clk 0:11:28]} 21. Nef4
{[%clk 0:26:55]} Qd4 {[%clk 0:11:50]} 22. Nxg6 {[%clk 0:25:49]} fxg6
{[%clk 0:11:47]} 23. Qc2 {[%clk 0:23:22]} a4 {[%clk 0:09:55]} 24. bxa4
{[%clk 0:20:48]} Rxa4 {[%clk 0:07:03]} 25. Rxa4 {[%clk 0:20:31]} Bxa4
{[%clk 0:07:32]} 26. Qxa4 {[%clk 0:20:46]} Qxd3 {[%clk 0:08:01]} 27. Qb4
{[%clk 0:20:37]} h5 {[%clk 0:04:37]} 28. Qxd6 {[%clk 0:19:17]} Qc3
{[%clk 0:05:00]} 29. Rf1 {[%clk 0:16:33]} Ra8 {[%clk 0:05:00]} 30. Qb6
{[%clk 0:14:12]} Ra2 {[%clk 0:04:44]} 31. h4 {[%clk 0:08:03]} g5 {[%clk 0:03:16]}
32. hxg5 {[%clk 0:06:51]} Qd2 {[%clk 0:03:45]} 33. Qg1 {[%clk 0:05:01]} h4
{[%clk 0:04:09]} 34. gxf6 {[%clk 0:03:25]} h3 {[%clk 0:04:07]} 35. Bxh3
{[%clk 0:03:17]} Qh6 {[%clk 0:04:36]} 36. f7+ {[%clk 0:03:10]} Kxf7
{[%clk 0:04:38]} 37. Qg2 {[%clk 0:02:35]} Rxg2 {[%clk 0:05:02]} 38. Kxg2
{[%clk 0:03:02]} Qd2+ {[%clk 0:05:23]} 39. Rf2 {[%clk 0:03:17]} Qd4
{[%clk 0:05:47]} 40. Rc2 {[%clk 0:02:33]} b6 {[%clk 0:05:01]} 41. Be6+
{[%clk 0:28:19]} Ke7 {[%clk 0:33:07]} 42. Ra2 {[%clk 0:18:33]} Kd6
{[%clk 0:32:12]} 43. Ra7 {[%clk 0:17:58]} Qd2+ {[%clk 0:32:28]} 44. Kh3
{[%clk 0:17:51]} Qh6+ {[%clk 0:32:04]} 45. Kg2 {[%clk 0:18:00]} Qd2+
{[%clk 0:28:28]} 46. Kh3 {[%clk 0:18:11]} Qh6+ {[%clk 0:27:05]} 47. Kg2
{[%clk 0:18:34]} Kc5 {[%clk 0:27:31]} 48. Re7 {[%clk 0:13:57]} g6
{[%clk 0:24:42]} 49. Rc7+ {[%clk 0:11:47]} Kd4 {[%clk 0:25:11]} 50. d6
{[%clk 0:11:12]} Qd2+ {[%clk 0:25:37]} 51. Kh3 {[%clk 0:11:21]} Qc1
{[%clk 0:25:46]} 52. Kg2 {[%clk 0:07:01]} Ke3 {[%clk 0:25:34]} 53. Ra7
{[%clk 0:04:15]} Qd2+ {[%clk 0:25:47]} 54. Kh3 {[%clk 0:04:37]} Qxd6
{[%clk 0:19:05]} 55. Bd5 {[%clk 0:04:21]} Qf8 {[%clk 0:19:12]} 56. Ra8
{[%clk 0:03:50]} Qh6+ {[%clk 0:18:54]} 57. Kg2 {[%clk 0:04:16]} Kd4
{[%clk 0:19:19]} 58. Ra2 {[%clk 0:04:27]} Qc1 {[%clk 0:19:32]} 59. Re2
{[%clk 0:04:22]} Kd3 {[%clk 0:19:24]} 60. Ra2 {[%clk 0:04:23]} Ke3
{[%clk 0:17:52]} 61. Rf2 {[%clk 0:03:19]} Qa3 {[%clk 0:18:14]} 62. Rc2
{[%clk 0:02:47]} Qb4 {[%clk 0:16:01]} 63. Ra2 {[%clk 0:02:39]} Qb1
{[%clk 0:14:52]} 64. Rf2 {[%clk 0:02:56]} g5 {[%clk 0:12:33]} 65. Be6
{[%clk 0:02:44]} Qe1 {[%clk 0:12:26]} 66. Ra2 {[%clk 0:02:50]} Qb4
{[%clk 0:12:00]} 67. Bd5 {[%clk 0:03:07]} Qf8 {[%clk 0:09:29]} 68. Rf2
{[%clk 0:02:54]} g4 {[%clk 0:08:28]} 69. f4 {[%clk 0:02:04]} Qh8 {[%clk 0:07:59]}
70. Kg1 {[%clk 0:01:35]} exf4 {[%clk 0:05:54]} 71. Rxf4 {[%clk 0:00:37]} Qh3
{[%clk 0:06:07]} 72. Rf2 {[%clk 0:00:38]} Qxg3+ {[%clk 0:06:30]} 73. Rg2
{[%clk 0:01:05]} Qe1+ {[%clk 0:06:50]} 74. Kh2 {[%clk 0:01:33]} Kf4
{[%clk 0:06:07]} 75. Ra2 {[%clk 0:01:49]} Qf1 {[%clk 0:06:29]} 76. Rg2
{[%clk 0:01:10]} Qf3 {[%clk 0:04:33]} 77. Ra2 {[%clk 0:01:17]} Ke5
{[%clk 0:04:04]} 78. Rg2 {[%clk 0:00:49]} Kf4 {[%clk 0:02:18]} 79. Ra2
{[%clk 0:00:55]} Qh3+ {[%clk 0:02:41]} 80. Kg1 {[%clk 0:01:21]} Qb3
{[%clk 0:03:03]} 81. Rf2+ {[%clk 0:00:47]} Ke5 {[%clk 0:03:27]} 82. Rf5+
{[%clk 0:00:37]} Kd4 {[%clk 0:03:45]} 83. e5 {[%clk 0:00:41]} Qe3+
{[%clk 0:03:20]} 84. Kg2 {[%clk 0:00:33]} b5 {[%clk 0:03:40]} 85. e6
{[%clk 0:00:33]} bxc4 {[%clk 0:03:46]} 86. Kf1 {[%clk 0:00:32]} Qd3+
{[%clk 0:04:05]} 0-1

[Event "2LA 15/16 Unichess C - Karlovarský ?achklub Tietz"]
[Site "Praha"]
[Date "2016.02.07"]
[Round "7.3"]
[White "Havlikova, Kristyna"]
[Black "Docekal, Jan"]
[Result "1/2-1/2"]
[BlackElo "2288"]
[WhiteElo "2321"]
[WhiteTeam "Unichess C"]
[BlackTeam "Vysehrad B"]
[LiveChessVersion "1.4.6"]

1. e4 {[%clk 1:30:57]} c5 {[%clk 1:30:29]} 2. Nf3 {[%clk 1:31:19]} d6
{[%clk 1:30:52]} 3. c3 {[%clk 1:31:36]} g6 {[%clk 1:26:54]} 4. d4
{[%clk 1:31:13]} cxd4 {[%clk 1:27:15]} 5. cxd4 {[%clk 1:31:40]} Bg7
{[%clk 1:27:36]} 6. Nc3 {[%clk 1:31:09]} Nf6 {[%clk 1:27:12]} 7. Be2
{[%clk 1:30:26]} O-O {[%clk 1:27:30]} 8. O-O {[%clk 1:30:51]} Na6
{[%clk 1:21:44]} 9. h3 {[%clk 1:23:27]} Be6 {[%clk 1:14:26]} 10. Be3
{[%clk 1:19:07]} d5 {[%clk 1:11:08]} 11. e5 {[%clk 1:09:03]} Ne4 {[%clk 1:08:00]}
12. Nxe4 {[%clk 1:03:24]} dxe4 {[%clk 1:08:28]} 13. Ng5 {[%clk 1:03:48]} Bd5
{[%clk 1:08:41]} 14. Qb1 {[%clk 1:03:35]} f5 {[%clk 1:07:34]} 15. exf6
{[%clk 1:02:59]} exf6 {[%clk 1:07:04]} 16. Nxe4 {[%clk 1:02:56]} f5
{[%clk 1:06:16]} 17. Nc3 {[%clk 0:59:31]} f4 {[%clk 1:03:32]} 18. Nxd5
{[%clk 0:59:43]} fxe3 {[%clk 1:03:44]} 19. Nxe3 {[%clk 0:59:58]} Qxd4
{[%clk 0:57:45]} 20. Qd1 {[%clk 0:49:43]} Nc5 {[%clk 0:53:53]} 21. Rc1
{[%clk 0:47:39]} Rad8 {[%clk 0:24:33]} 22. Qc2 {[%clk 0:38:12]} b6
{[%clk 0:22:34]} 23. b3 {[%clk 0:33:50]} Kh8 {[%clk 0:18:20]} 24. Rcd1
{[%clk 0:32:55]} Qf4 {[%clk 0:17:32]} 25. Bf3 {[%clk 0:23:23]} Ne6
{[%clk 0:16:17]} 26. Qe4 {[%clk 0:19:07]} Qf7 {[%clk 0:14:24]} 27. Qb7
{[%clk 0:16:43]} Nd4 {[%clk 0:13:51]} 28. Qxf7 {[%clk 0:09:31]} Rxf7
{[%clk 0:14:20]} 29. Nc2 {[%clk 0:09:51]} Nxf3+ {[%clk 0:13:49]} 30. gxf3
{[%clk 0:10:20]} Rc8 {[%clk 0:12:05]} 31. Nd4 {[%clk 0:05:52]} Bxd4
{[%clk 0:12:30]} 32. Rxd4 {[%clk 0:06:19]} Rc3 {[%clk 0:12:53]} 33. Kg2
{[%clk 0:05:33]} Rcxf3 {[%clk 0:12:56]} 34. Rd2 {[%clk 0:05:59]} Kg7
{[%clk 0:12:51]} 35. Re1 {[%clk 0:06:24]} R3f5 {[%clk 0:11:33]} 36. Re6
{[%clk 0:06:49]} Kh6 {[%clk 0:11:20]} 37. Re3 {[%clk 0:06:04]} Kh5
{[%clk 0:10:45]} 38. Red3 {[%clk 0:06:14]} Rg5+ {[%clk 0:09:49]} 39. Rg3
{[%clk 0:06:18]} Ra5 {[%clk 0:09:58]} 40. Rgd3 {[%clk 0:06:26]} Rff5
{[%clk 0:10:01]} 41. Re3 {[%clk 0:04:31]} h6 {[%clk 0:28:21]} 42. Rc3
{[%clk 0:35:26]} Rf4 {[%clk 0:27:25]} 43. Rc7 {[%clk 0:32:20]} Rg5+
{[%clk 0:24:16]} 44. Kh2 {[%clk 0:32:45]} a5 {[%clk 0:24:20]} 45. Rc3
{[%clk 0:32:37]} b5 {[%clk 0:23:01]} 46. Rg3 {[%clk 0:32:38]} Rc5
{[%clk 0:21:35]} 47. Rgd3 {[%clk 0:32:59]} Rcf5 {[%clk 0:21:09]} 48. Kg2
{[%clk 0:33:07]} Rg5+ {[%clk 0:21:25]} 49. Rg3 {[%clk 0:33:08]} Re5
{[%clk 0:21:00]} 50. Rgd3 {[%clk 0:33:27]} Rff5 {[%clk 0:21:14]} 51. Kg3
{[%clk 0:32:36]} Rg5+ {[%clk 0:20:31]} 52. Kh2 {[%clk 0:32:57]} Ref5
{[%clk 0:20:39]} 53. Rg3 {[%clk 0:31:36]} Rc5 {[%clk 0:20:54]} 54. Rgd3
{[%clk 0:30:35]} Rgf5 {[%clk 0:21:04]} 55. Kg2 {[%clk 0:29:11]} b4
{[%clk 0:20:17]} 56. Re3 {[%clk 0:29:22]} Rg5+ {[%clk 0:17:46]} 57. Kh2
{[%clk 0:29:16]} Rgd5 {[%clk 0:16:56]} 58. Rde2 {[%clk 0:28:07]} Kg5
{[%clk 0:15:22]} 59. Kg2 {[%clk 0:26:16]} Rf5 {[%clk 0:13:37]} 60. a3
{[%clk 0:21:15]} bxa3 {[%clk 0:06:53]} 61. Ra2 {[%clk 0:21:43]} Rf4
{[%clk 0:06:32]} 62. Rxa3 {[%clk 0:21:43]} Rb4 {[%clk 0:06:49]} 63. Ra2
{[%clk 0:21:44]} Rcb5 {[%clk 0:06:40]} 64. Rd2 {[%clk 0:21:56]} Kf5
{[%clk 0:06:28]} 65. Rd6 {[%clk 0:21:39]} Rxb3 {[%clk 0:03:51]} 66. Rxb3
{[%clk 0:21:52]} Rxb3 {[%clk 0:04:13]} 67. Rd5+ {[%clk 0:22:18]} Kf4
{[%clk 0:03:58]} 68. Rxa5 {[%clk 0:22:41]} h5 {[%clk 0:04:11]} 69. Ra4+
{[%clk 0:22:32]} Kg5 {[%clk 0:04:33]} 1/2-1/2

[Event "2LA 15/16 Unichess C - Karlovarský ?achklub Tietz"]
[Site "Praha"]
[Date "2016.02.07"]
[Round "7.4"]
[White "Filipi, Stepan"]
[Black "Kuba, Jindrich"]
[Result "1/2-1/2"]
[BlackElo "2238"]
[WhiteElo "2176"]
[WhiteTeam "Vysehrad B"]
[BlackTeam "Unichess C"]
[LiveChessVersion "1.4.6"]

1. e4 {[%clk 1:30:59]} c5 {[%clk 1:30:54]} 2. Nf3 {[%clk 1:31:05]} Nc6
{[%clk 1:30:31]} 3. d4 {[%clk 1:31:13]} cxd4 {[%clk 1:30:00]} 4. Nxd4
{[%clk 1:31:35]} e6 {[%clk 1:29:50]} 5. Nc3 {[%clk 1:28:38]} Nf6 {[%clk 1:28:57]}
6. Ndb5 {[%clk 1:26:48]} d6 {[%clk 1:29:05]} 7. Bf4 {[%clk 1:27:10]} Ne5
{[%clk 1:22:33]} 8. Bxe5 {[%clk 1:19:37]} dxe5 {[%clk 1:22:54]} 9. Qxd8+
{[%clk 1:19:59]} Kxd8 {[%clk 1:23:17]} 10. O-O-O+ {[%clk 1:19:31]} Bd7
{[%clk 1:23:42]} 11. Nd6 {[%clk 1:14:11]} 1/2-1/2

[Event "2LA 15/16 Unichess C - Karlovarský ?achklub Tietz"]
[Site "Praha"]
[Date "2016.02.07"]
[Round "7.5"]
[White "Bartos, Jan"]
[Black "Pilar, Miloslav"]
[Result "1-0"]
[BlackElo "2195"]
[WhiteElo "2176"]
[WhiteTeam "Unichess C"]
[BlackTeam "Vysehrad B"]
[LiveChessVersion "1.4.6"]

1. d4 {[%clk 1:29:27]} d5 {[%clk 1:30:53]} 2. c4 {[%clk 1:29:37]} e6
{[%clk 1:31:15]} 3. Nf3 {[%clk 1:30:02]} Nf6 {[%clk 1:31:28]} 4. Nc3
{[%clk 1:30:26]} Be7 {[%clk 1:30:46]} 5. Bf4 {[%clk 1:30:45]} O-O
{[%clk 1:30:57]} 6. e3 {[%clk 1:31:10]} c5 {[%clk 1:28:36]} 7. dxc5
{[%clk 1:31:24]} dxc4 {[%clk 1:25:03]} 8. Qc2 {[%clk 1:31:44]} Bxc5
{[%clk 1:23:49]} 9. Bxc4 {[%clk 1:31:51]} a6 {[%clk 1:21:57]} 10. O-O
{[%clk 1:31:45]} b5 {[%clk 1:19:39]} 11. Bd3 {[%clk 1:31:46]} Be7
{[%clk 1:17:31]} 12. Rfd1 {[%clk 1:23:31]} Qb6 {[%clk 1:15:26]} 13. e4
{[%clk 1:21:54]} Nc6 {[%clk 0:54:50]} 14. a3 {[%clk 1:17:43]} g6 {[%clk 0:46:40]}
15. e5 {[%clk 1:17:06]} Nd5 {[%clk 0:45:43]} 16. Bh6 {[%clk 1:09:55]} Nxc3
{[%clk 0:43:01]} 17. Qxc3 {[%clk 1:08:46]} Rd8 {[%clk 0:40:14]} 18. Be4
{[%clk 0:42:08]} Bb7 {[%clk 0:40:03]} 19. Rxd8+ {[%clk 0:38:55]} Rxd8
{[%clk 0:38:51]} 20. Be3 {[%clk 0:38:47]} Qc7 {[%clk 0:38:59]} 21. Nd4
{[%clk 0:35:43]} 1-0

[Event "2LA 15/16 Unichess C - Karlovarský ?achklub Tietz"]
[Site "Praha"]
[Date "2016.02.07"]
[Round "7.6"]
[White "Boukal, Petr"]
[Black "Jascenko, Olga"]
[Result "1/2-1/2"]
[BlackElo "2192"]
[WhiteElo "2135"]
[WhiteTeam "Vysehrad B"]
[BlackTeam "Unichess C"]
[LiveChessVersion "1.4.6"]

1. e4 {[%clk 1:30:47]} c5 {[%clk 1:27:16]} 2. Nf3 {[%clk 1:31:09]} e6
{[%clk 1:27:22]} 3. c3 {[%clk 1:31:34]} d5 {[%clk 1:26:04]} 4. exd5
{[%clk 1:31:52]} Qxd5 {[%clk 1:26:29]} 5. d4 {[%clk 1:32:17]} Nc6
{[%clk 1:25:46]} 6. Na3 {[%clk 1:27:44]} Qd8 {[%clk 1:10:18]} 7. Nc2
{[%clk 1:22:05]} Nf6 {[%clk 1:08:09]} 8. Be2 {[%clk 1:21:24]} Be7
{[%clk 1:07:07]} 9. O-O {[%clk 1:20:48]} O-O {[%clk 1:06:59]} 10. Bg5
{[%clk 1:09:34]} cxd4 {[%clk 0:58:48]} 11. Ncxd4 {[%clk 1:05:31]} Nxd4
{[%clk 0:56:30]} 12. Qxd4 {[%clk 1:03:04]} Qxd4 {[%clk 0:55:29]} 13. Nxd4
{[%clk 1:02:50]} e5 {[%clk 0:44:01]} 14. Nf3 {[%clk 1:00:50]} Bd6
{[%clk 0:42:28]} 15. Rfd1 {[%clk 0:46:12]} Bc7 {[%clk 0:42:29]} 16. Bc4
{[%clk 0:36:46]} Re8 {[%clk 0:34:15]} 17. h3 {[%clk 0:31:41]} a6 {[%clk 0:32:49]}
18. Nh2 {[%clk 0:30:01]} Ne4 {[%clk 0:31:02]} 19. Be3 {[%clk 0:30:11]} Nd6
{[%clk 0:30:05]} 20. Bb3 {[%clk 0:30:09]} Bf5 {[%clk 0:26:41]} 21. Bd5
{[%clk 0:27:45]} Rad8 {[%clk 0:21:02]} 22. Bg5 {[%clk 0:26:57]} Rd7
{[%clk 0:19:30]} 23. Nf1 {[%clk 0:23:21]} h6 {[%clk 0:14:21]} 24. Be3
{[%clk 0:19:31]} Red8 {[%clk 0:13:29]} 25. Bb3 {[%clk 0:19:53]} Ne4
{[%clk 0:08:23]} 26. Rxd7 {[%clk 0:19:14]} Rxd7 {[%clk 0:08:52]} 27. Rd1
{[%clk 0:18:31]} Rxd1 {[%clk 0:08:57]} 28. Bxd1 {[%clk 0:18:59]} Be6
{[%clk 0:08:38]} 29. a3 {[%clk 0:19:02]} f5 {[%clk 0:08:35]} 30. f3
{[%clk 0:15:37]} Nf6 {[%clk 0:08:10]} 31. Nd2 {[%clk 0:15:34]} Kf7
{[%clk 0:07:28]} 32. Bc5 {[%clk 0:14:41]} Nd7 {[%clk 0:07:22]} 33. Bf2
{[%clk 0:14:43]} Bd8 {[%clk 0:05:55]} 34. Kf1 {[%clk 0:14:11]} Bg5
{[%clk 0:05:48]} 35. Ke2 {[%clk 0:14:12]} h5 {[%clk 0:05:12]} 36. Bc2
{[%clk 0:11:36]} h4 {[%clk 0:04:31]} 37. Nb3 {[%clk 0:10:33]} g6 {[%clk 0:04:09]}
38. Nc5 {[%clk 0:07:56]} Nxc5 {[%clk 0:03:41]} 39. Bxc5 {[%clk 0:08:18]} Bc1
{[%clk 0:04:00]} 40. b3 {[%clk 0:07:53]} b5 {[%clk 0:03:25]} 41. a4
{[%clk 0:02:46]} Kf6 {[%clk 0:27:43]} 42. axb5 {[%clk 0:28:49]} axb5
{[%clk 0:26:00]} 43. Bd3 {[%clk 0:28:50]} Bxb3 {[%clk 0:25:45]} 44. Bxb5
{[%clk 0:29:09]} g5 {[%clk 0:13:39]} 45. Bb6 {[%clk 0:26:30]} Ke6
{[%clk 0:10:50]} 46. Kd3 {[%clk 0:23:10]} e4+ {[%clk 0:10:18]} 47. fxe4
{[%clk 0:22:32]} fxe4+ {[%clk 0:10:43]} 48. Ke2 {[%clk 0:22:10]} Kd5
{[%clk 0:10:25]} 49. Be3 {[%clk 0:19:35]} Bd1+ {[%clk 0:09:53]} 50. Kxd1
{[%clk 0:19:54]} Bxe3 {[%clk 0:10:20]} 51. Ke2 {[%clk 0:19:36]} Bc5
{[%clk 0:10:43]} 52. Ba6 {[%clk 0:19:37]} Ke5 {[%clk 0:11:06]} 53. Bb7
{[%clk 0:19:15]} Kf4 {[%clk 0:11:27]} 54. Ba8 {[%clk 0:19:06]} Ke5 1/2-1/2

[Event "2LA 15/16 Unichess C - Karlovarský ?achklub Tietz"]
[Site "Praha"]
[Date "2016.02.07"]
[Round "7.7"]
[White "Pokorny, Petr"]
[Black "Vodicka, Vlastimil"]
[Result "1/2-1/2"]
[BlackElo "2113"]
[WhiteElo "2177"]
[WhiteTeam "Unichess C"]
[BlackTeam "Vysehrad B"]
[LiveChessVersion "1.4.6"]

1. d4 {[%clk 1:30:57]} Nf6 {[%clk 1:30:51]} 2. Nf3 {[%clk 1:31:22]} g6
{[%clk 1:30:57]} 3. Bf4 {[%clk 1:31:46]} Bg7 {[%clk 1:31:17]} 4. e3
{[%clk 1:32:07]} O-O {[%clk 1:30:24]} 5. Nbd2 {[%clk 1:32:15]} d6
{[%clk 1:29:45]} 6. h3 {[%clk 1:32:40]} Nfd7 {[%clk 1:26:36]} 7. Bc4
{[%clk 1:29:36]} a6 {[%clk 1:22:39]} 8. a4 {[%clk 1:27:01]} Nc6 {[%clk 1:18:54]}
9. O-O {[%clk 1:23:03]} e5 {[%clk 1:18:08]} 10. dxe5 {[%clk 1:21:01]} Ndxe5
{[%clk 1:15:42]} 11. Nxe5 {[%clk 1:20:41]} dxe5 {[%clk 1:14:45]} 12. Bg3
{[%clk 1:20:03]} Qe7 {[%clk 1:14:08]} 13. c3 {[%clk 1:17:25]} Rd8
{[%clk 1:11:34]} 14. Qc2 {[%clk 1:13:49]} Be6 {[%clk 1:06:52]} 15. Bxe6
{[%clk 1:13:04]} Qxe6 {[%clk 1:06:42]} 16. Rad1 {[%clk 1:11:16]} h6
{[%clk 0:55:38]} 17. Qb3 {[%clk 0:58:01]} Qxb3 {[%clk 0:44:27]} 18. Nxb3
{[%clk 0:58:25]} b6 {[%clk 0:43:50]} 19. e4 {[%clk 0:57:12]} g5 {[%clk 0:32:11]}
20. f3 {[%clk 0:48:49]} f6 {[%clk 0:30:55]} 21. Kf2 {[%clk 0:47:51]} Kf7
{[%clk 0:30:41]} 22. Ke2 {[%clk 0:45:06]} Ke6 {[%clk 0:25:06]} 23. Rxd8
{[%clk 0:43:49]} Rxd8 {[%clk 0:25:05]} 24. Nd2 {[%clk 0:43:30]} b5
{[%clk 0:20:27]} 25. axb5 {[%clk 0:42:44]} axb5 {[%clk 0:20:08]} 26. Ra1
{[%clk 0:43:09]} Bf8 {[%clk 0:19:19]} 27. b4 {[%clk 0:39:13]} Bd6
{[%clk 0:15:10]} 28. Bf2 {[%clk 0:34:32]} h5 {[%clk 0:14:29]} 29. Nf1
{[%clk 0:26:47]} h4 {[%clk 0:14:05]} 30. Be3 {[%clk 0:24:03]} Rh8
{[%clk 0:12:24]} 31. Nd2 {[%clk 0:23:16]} Rb8 {[%clk 0:12:24]} 32. Nb3
{[%clk 0:22:40]} Rg8 {[%clk 0:03:38]} 33. Ra6 {[%clk 0:22:08]} Kd7
{[%clk 0:03:56]} 34. Bc5 {[%clk 0:08:48]} Bxc5 {[%clk 0:03:08]} 35. Nxc5+
{[%clk 0:09:13]} Kd6 {[%clk 0:03:32]} 36. Nb7+ {[%clk 0:05:24]} Kd7
{[%clk 0:03:55]} 37. Nc5+ {[%clk 0:05:50]} Kd6 {[%clk 0:04:14]} 38. Ra1
{[%clk 0:06:13]} Ke7 {[%clk 0:03:50]} 39. Ra6 {[%clk 0:03:04]} Kd6
{[%clk 0:03:59]} 40. Kf2 {[%clk 0:02:56]} Rb8 {[%clk 0:03:22]} 41. g3
{[%clk 0:30:55]} Rh8 {[%clk 0:32:17]} 42. gxh4 {[%clk 0:29:11]} gxh4
{[%clk 0:20:28]} 43. Ra1 {[%clk 0:28:16]} Ke7 {[%clk 0:20:12]} 44. Rg1
{[%clk 0:27:23]} Kf7 {[%clk 0:18:40]} 45. Na6 {[%clk 0:25:15]} Ra8
{[%clk 0:12:44]} 46. Nxc7 {[%clk 0:25:27]} Ra2+ {[%clk 0:12:56]} 47. Ke3
{[%clk 0:25:42]} Rh2 {[%clk 0:09:52]} 48. Nxb5 {[%clk 0:25:55]} Rxh3
{[%clk 0:08:59]} 49. Nd6+ {[%clk 0:25:41]} Ke6 {[%clk 0:07:18]} 50. Nf5
{[%clk 0:25:32]} Ne7 51. Nxe7 {[%clk 0:17:34]} Kxe7 {[%clk 0:07:15]} 52. Rg7+
{[%clk 0:17:58]} Kd6 {[%clk 0:07:01]} 53. Rf7 {[%clk 0:18:08]} Ke6
{[%clk 0:07:23]} 54. Rh7 {[%clk 0:18:33]} Rh1 {[%clk 0:07:36]} 55. Kd3
{[%clk 0:15:14]} h3 {[%clk 0:05:42]} 56. Kc4 {[%clk 0:15:16]} h2 {[%clk 0:05:43]}
57. b5 {[%clk 0:14:00]} Kd6 {[%clk 0:05:47]} 58. Rh6 {[%clk 0:14:10]} Kc7
{[%clk 0:05:21]} 59. Kc5 {[%clk 0:10:46]} Rc1 {[%clk 0:05:06]} 60. Rh7+
{[%clk 0:08:16]} Kd8 {[%clk 0:05:28]} 61. Rxh2 {[%clk 0:07:57]} Rxc3+
{[%clk 0:05:50]} 62. Kd6 {[%clk 0:07:08]} Rd3+ {[%clk 0:05:55]} 63. Kc6
{[%clk 0:07:28]} Rc3+ {[%clk 0:05:33]} 64. Kb7 {[%clk 0:07:43]} Rxf3
{[%clk 0:05:56]} 65. b6 {[%clk 0:07:08]} Kd7 {[%clk 0:02:44]} 66. Kb8
{[%clk 0:06:14]} f5 {[%clk 0:02:30]} 67. exf5 {[%clk 0:05:58]} Rxf5
{[%clk 0:02:53]} 68. b7 {[%clk 0:06:22]} Ke6 {[%clk 0:02:28]} 69. Rb2
{[%clk 0:05:55]} Rf7 {[%clk 0:01:35]} 70. Ka8 {[%clk 0:06:10]} Rf8+
{[%clk 0:01:53]} 71. b8=Q {[%clk 0:06:21]} Rxb8+ {[%clk 0:02:16]} 72. Kxb8
{[%clk 0:06:48]} Kd5 {[%clk 0:02:38]} 73. Kc7 {[%clk 0:05:26]} e4
{[%clk 0:02:54]} 74. Rd2+ {[%clk 0:05:03]} Kc4 {[%clk 0:02:45]} 75. Kd6
{[%clk 0:04:25]} e3 {[%clk 0:03:07]} 76. Rh2 {[%clk 0:04:16]} Kd3
{[%clk 0:03:26]} 77. Kd5 {[%clk 0:03:55]} e2 {[%clk 0:03:45]} 78. Rxe2
{[%clk 0:04:16]} 1/2-1/2

[Event "2LA 15/16 Unichess C - Karlovarský ?achklub Tietz"]
[Site "Praha"]
[Date "2016.02.07"]
[Round "7.8"]
[White "Rut, Vojtech"]
[Black "Vrbata, Zbynek"]
[Result "1-0"]
[BlackElo "2327"]
[WhiteElo "2109"]
[WhiteTeam "Vysehrad B"]
[BlackTeam "Unichess C"]
[LiveChessVersion "1.4.6"]

1. d4 {[%clk 1:30:56]} Nf6 {[%clk 1:30:53]} 2. c4 {[%clk 1:31:22]} g6
{[%clk 1:31:12]} 3. Nc3 {[%clk 1:31:50]} Bg7 {[%clk 1:31:31]} 4. e4
{[%clk 1:32:14]} O-O {[%clk 1:31:54]} 5. Nge2 {[%clk 1:32:34]} c5
{[%clk 1:27:39]} 6. d5 {[%clk 1:26:16]} e6 {[%clk 1:18:48]} 7. Ng3
{[%clk 1:23:52]} exd5 {[%clk 1:13:32]} 8. exd5 {[%clk 1:24:20]} Re8+
{[%clk 1:01:40]} 9. Be2 {[%clk 1:24:46]} d6 {[%clk 0:58:17]} 10. O-O
{[%clk 1:19:49]} Nbd7 {[%clk 0:57:06]} 11. Bg5 {[%clk 1:12:51]} h6
{[%clk 0:53:12]} 12. Be3 {[%clk 1:12:24]} a6 {[%clk 0:48:06]} 13. Qd2
{[%clk 1:11:02]} Kh7 {[%clk 0:45:19]} 14. h3 {[%clk 1:09:47]} Rb8
{[%clk 0:41:55]} 15. a4 {[%clk 0:57:36]} Qa5 {[%clk 0:38:38]} 16. Qc2
{[%clk 0:53:48]} Ne5 {[%clk 0:33:10]} 17. Bd2 {[%clk 0:51:23]} Qc7
{[%clk 0:31:03]} 18. Rae1 {[%clk 0:48:05]} Ned7 {[%clk 0:24:43]} 19. h4
{[%clk 0:39:59]} Nf8 {[%clk 0:19:03]} 20. h5 {[%clk 0:38:29]} Ng4
{[%clk 0:16:57]} 21. hxg6+ {[%clk 0:36:12]} fxg6 {[%clk 0:17:05]} 22. Bxg4
{[%clk 0:30:02]} Bxg4 {[%clk 0:17:06]} 23. Nce4 {[%clk 0:29:57]} Rbd8
{[%clk 0:03:25]} 24. Bc3 {[%clk 0:29:16]} Qf7 {[%clk 0:03:37]} 25. b3
{[%clk 0:24:05]} Bc8 {[%clk 0:03:38]} 26. Qb2 {[%clk 0:24:07]} Re7
{[%clk 0:00:48]} 27. Re3 {[%clk 0:15:47]} Rc7 {[%clk 0:00:49]} 28. Rf3
{[%clk 0:14:47]} Bf5 {[%clk 0:00:58]} 29. Re1 {[%clk 0:11:25]} Bxc3
{[%clk 0:00:38]} 30. Qxc3 {[%clk 0:11:46]} Qg7 {[%clk 0:01:06]} 31. Qxg7+
{[%clk 0:08:54]} Kxg7 {[%clk 0:01:32]} 32. Nxf5+ {[%clk 0:09:14]} gxf5
{[%clk 0:02:01]} 33. Rxf5 {[%clk 0:09:35]} Re7 {[%clk 0:02:03]} 34. Re3
{[%clk 0:09:12]} Ng6 {[%clk 0:00:54]} 35. Rf6 {[%clk 0:06:40]} Rxe4
{[%clk 0:00:43]} 36. Rxg6+ {[%clk 0:07:04]} Kxg6 {[%clk 0:01:12]} 37. Rxe4
{[%clk 0:07:25]} Kf5 {[%clk 0:01:30]} 38. Re6 {[%clk 0:05:02]} h5
{[%clk 0:02:00]} 39. a5 Rd7 40. Kh2 {[%clk 0:04:04]} Kg5 {[%clk 0:02:54]} 41. Kg3
{[%clk 0:24:19]} Kf5 {[%clk 0:31:33]} 42. Kh4 {[%clk 0:20:15]} Rg7
{[%clk 0:26:33]} 43. g3 {[%clk 0:19:58]} Rh7 {[%clk 0:22:52]} 44. Rxd6
{[%clk 0:14:51]} Ke4 {[%clk 0:22:17]} 45. f4 {[%clk 0:12:35]} Kd4
{[%clk 0:21:36]} 46. Re6 {[%clk 0:11:37]} Kc3 {[%clk 0:20:25]} 47. Rb6
{[%clk 0:11:58]} Kd4 {[%clk 0:20:43]} 48. f5 {[%clk 0:11:21]} Ke4
{[%clk 0:18:00]} 49. Kg5 {[%clk 0:11:30]} Kf3 {[%clk 0:18:16]} 50. Kg6
{[%clk 0:11:06]} Rh8 {[%clk 0:17:24]} 51. f6 {[%clk 0:08:19]} Kxg3
{[%clk 0:16:25]} 52. Kg7 {[%clk 0:08:34]} 1-0